Le 200 Serie TV più conosciute di sempre - Statistics

Statistiche generali
  • Questo quiz è stato fatto 814 volte
  • Il punteggio medio è 44 su 200
Statistiche sulle risposte
Numero di valutazioni Nome Serie TV % Corretto
2.300.000 Breaking Bad - Reazioni collaterali
81%
1.100.000 Friends
81%
500.000 La casa di carta
77%
1.400.000 Stranger Things
76%
2.400.000 Il trono di spade
72%
700.000 How I met your mother
66%
800.000 The Big Bang Theory
65%
300.000 Grey's Anatomy
64%
600.000 Lost
63%
500.000 Squid Game
59%
600.000 Prison Break
58%
1.100.000 The Walking Dead
54%
200.000 Gossip Girl
53%
400.000 I Simpson
51%
700.000 The Office
51%
300.000 Orange Is the New Black
48%
300.000 I Griffin
45%
600.000 Peaky Blinders
45%
500.000 Dr. House - Medical Division
44%
800.000 Dexter
43%
300.000 Shameless
42%
400.000 Dark
41%
200.000 The 100
41%
300.000 The Vampire Diaries
41%
100.000 Una mamma per amica
41%
300.000 You
41%
600.000 Black Mirror
40%
100.000 Bridgerton
40%
500.000 Modern Family
40%
400.000 Narcos
39%
100.000 Riverdale
39%
500.000 Suits
39%
300.000 Lucifer
38%
300.000 Mercoledì
38%
200.000 All'arrembaggio! - One Piece
37%
100.000 One Piece
37%
600.000 Better Call Saul
36%
100.000 Pretty Little Liars
36%
100.000 Dragon Ball Z
35%
500.000 I Soprano
35%
300.000 Sex Education
35%
1.000.000 Sherlock
35%
600.000 Vikings
35%
200.000 Futurama
33%
100.000 NCIS - Unità anticrimine
32%
200.000 The Crown
32%
100.000 Naruto
31%
100.000 Naruto: Shippuden
31%
100.000 Teen Wolf
31%
700.000 The Boys
30%
200.000 Doctor Who
29%
500.000 L'attacco dei giganti
29%
200.000 Scrubs: Medici ai primi ferri
29%
100.000 Lupin
28%
300.000 Tredici
28%
100.000 American Dad!
27%
500.000 House of Cards - Gli intrighi del potere
27%
300.000 Brooklyn Nine-Nine
26%
500.000 The Last of Us
26%
200.000 Criminal Minds
25%
200.000 Euphoria
25%
400.000 Loki
25%
400.000 Mr. Robot
25%
600.000 Rick and Morty
25%
100.000 Smallville
25%
500.000 Supernatural
25%
200.000 The Bear
25%
300.000 American Horror Story
24%
100.000 Sex and the City
24%
300.000 The Flash
23%
200.000 The Umbrella Academy
23%
500.000 The Witcher
23%
600.000 True Detective
23%
200.000 X-Files
23%
200.000 BoJack Horseman
22%
400.000 Death Note
22%
100.000 Desperate Housewives - I segreti di Wisteria Lane
22%
100.000 Glee
22%
400.000 Il Signore degli Anelli - Gli Anelli del Potere
22%
100.000 Star Trek: Discovery
22%
100.000 Star Trek: The Next Generation
22%
400.000 Arrow
21%
400.000 House of the Dragon
21%
200.000 I segreti di Twin Peaks
21%
200.000 Mad Men
21%
300.000 Ozark
21%
400.000 South Park
21%
400.000 Daredevil
20%
100.000 Le regole del delitto perfetto
20%
200.000 New Girl
20%
600.000 The Mandalorian
20%
100.000 The Originals
20%
100.000 Buffy l'ammazzavampiri
19%
100.000 Castle
19%
200.000 The Mentalist
19%
300.000 The Wire
19%
100.000 Willy, il principe di Bel Air
19%
100.000 Bones
18%
300.000 Sons of Anarchy
18%
200.000 Downton Abbey
17%
400.000 Fargo
17%
200.000 Fringe
17%
200.000 Gotham
17%
200.000 Hannibal
17%
100.000 Star Wars: Andor
17%
100.000 This Is Us
17%
200.000 Cobra Kai
16%
200.000 Due uomini e mezzo
16%
300.000 Ted Lasso
16%
200.000 The Good Place
16%
200.000 24
15%
300.000 Arcane
15%
100.000 Chuck
15%
200.000 Fallout
15%
200.000 Fleabag
15%
100.000 Roma
15%
100.000 Sense8
15%
300.000 Succession
15%
500.000 Westworld - Dove tutto è concesso
15%
300.000 Avatar - La leggenda di Aang
14%
200.000 Jessica Jones
14%
200.000 Agents of S.H.I.E.L.D.
13%
300.000 Community
13%
100.000 Hunter x Hunter
13%
100.000 Malcolm
13%
300.000 Mindhunter
13%
100.000 Only Murders in the Building
13%
200.000 Reacher
13%
200.000 The Punisher
13%
200.000 C'era una volta
12%
100.000 Fear the Walking Dead
12%
300.000 Homeland: Caccia alla spia
12%
100.000 Iron Fist
12%
100.000 Luke Cage
12%
100.000 Outlander
12%
300.000 Seinfeld
12%
100.000 Six Feet Under
12%
200.000 The White Lotus
12%
100.000 What If...?
12%
200.000 Yellowstone
12%
300.000 Arrested Development - Ti presento i miei
11%
200.000 Big Little Lies - Piccole grandi bugie
11%
100.000 Monsters
11%
100.000 Mr. Bean
11%
100.000 That '70s Show
11%
200.000 The Blacklist
11%
200.000 Heroes
10%
100.000 Il problema dei 3 corpi
10%
200.000 Invincible
10%
200.000 Love, Death & Robots
10%
100.000 Person of Interest
10%
100.000 Sandman
10%
200.000 Scissione
10%
200.000 Spartacus
10%
100.000 The Gentlemen
10%
100.000 The Heroes
10%
100.000 The Morning Show
10%
200.000 True Blood
10%
100.000 White Collar - Fascino criminale
10%
100.000 Bodyguard
9%
100.000 Californication
9%
100.000 Demon Slayer - Kimetsu no yaiba
9%
200.000 Firefly
9%
100.000 Jack Ryan
9%
100.000 La fantastica signora Maisel
9%
100.000 La ruota del tempo
9%
100.000 Luther
9%
100.000 Silicon Valley
9%
100.000 The Sinner
9%
100.000 After Life
8%
200.000 Boardwalk Empire: L'impero del crimine
8%
100.000 Killing Eve
8%
100.000 Silo
8%
100.000 Taboo
8%
200.000 The End of the F***ing World
8%
100.000 Archer
7%
200.000 C'è sempre il sole a Philadelphia
7%
100.000 Gravity Falls
7%
100.000 Jujutsu Kaisen
7%
100.000 La leggenda di Korra
7%
100.000 Lo Scontro
7%
100.000 Peacemaker
7%
300.000 Aspirants
6%
100.000 Battlestar Galactica
6%
100.000 Cowboy Bebop
6%
100.000 Entourage
6%
100.000 One-Punch Man
6%
100.000 Shōgun
6%
200.000 Fullmetal Alchemist : Brotherhood
4%
200.000 The Handmaid's Tale
4%
100.000 The Last Kingdom
4%
100.000 Schitt's Creek
3%
100.000 Altered Carbon
2%
100.000 Freaks and Geeks
2%
200.000 Parks and Recreation
2%
100.000 Curb Your Enthusiasm
1%
100.000 Penny Dreadful
1%
100.000 The Expanse
1%
100.000 King the Land - Un sorriso sincero
0%
100.000 The IT Crowd
0%
Nessun quiz corrispondente trovato
Distribuzione punteggi
Percentuale di utenti per punteggio
Percentile per numero di risposta
I tuoi punteggi nel tempo
Non hai fatto questo quiz